• 首页
  • 本馆介绍
  • 公告通知
  • 最新文献
  • 馆藏检索
  • 电子资源
  • 读者导购
  • 参考咨询
  • 我的图书馆
  • 登录
  • 详细信息显示
  • 放入我的书架
  • 预约/预借图书
  • 作者相关作品
  • 分类相关作品
  • 丛书相关作品
  • 出版社相关作品

书目信息

  • 表格格式
  • 工作单格式
  • 卡片格式
题名:
中文版3ds Max 2018从入门到精通
    
 
作者: 曹茂鹏 编著 ;唯美世界 编著
分册:  
出版信息: 北京   中国水利水电出版社  2019
页数: 490页
开本: 26cm
丛书名: 唯美
单 册:
中图分类: TP391.41 , TP391.414
科图分类:
主题词: 三维动画软件--san wei dong hua ruan jian
电子资源:
ISBN: 978-7-5170-7557-8
000 01435nam 2200301 45
001 012001003134
005 20140101093720.0
010    @a978-7-5170-7557-8@dCNY128.00
099    @aCAL 012019109382
100    @a20190703d2019 em y0chiy50 ea
101 0  @achi
102    @aCN@b110000
105    @aaf z 000yy
106    @ar
200 1  @a中文版3ds Max 2018从入门到精通@Azhong wen ban 3ds Max 2018cong ru men dao jing tong@f唯美世界, 曹茂鹏编著
210    @a北京@c中国水利水电出版社@d2019
215    @a490页@c彩图@d26cm
225 2  @a唯美@Awei mei
300    @a微课视频全彩版
330    @a本书为《中文版3ds max 2016从入门到精通 (微课视频版)》的升级版, 详细介绍了3ds max 2018的具体使用方法。全书共23章, 其中1-19章详细介绍了3ds Max 2018各工具和命令的使用方法和技巧, 具体内容包括: 认识3ds Max 2018, 3ds Max 界面, 3ds Max基本操作, 几何体建模, 样条线建模, 符合对象建模, 修改器建模, 多边形建模, 渲染器参数设置, 灯光、材质和贴图技术, 摄影机应用, 环境与效果, 动力学, 粒子系统与空间扭曲, 毛发技术, 关键帧动画和高级动画等日常工作所使用到的全部知识点。20-23章通过4个具体的大型设计案例完整展示了使用3ds Max进行实际项目设计的全过程。
410  0 @12001 @a唯美
606 0  @a三维动画软件@Asan wei dong hua ruan jian
690    @aTP391.41@v4
690    @aTP391.414@v5
701  0 @a曹茂鹏@Acao mao peng@4编著
711 02 @a唯美世界@Awei mei shi jie@4编著
801  0 @aCN@b北京卓展@c20191020
905    @b1210506-8@dTP391.41@e1844@f3
    
    中文版3ds Max 2018从入门到精通/唯美世界, 曹茂鹏编著.-北京:中国水利水电出版社,2019
    490页:彩图;26cm.-(唯美)
    微课视频全彩版
    
    ISBN 978-7-5170-7557-8:CNY128.00
    本书为《中文版3ds max 2016从入门到精通 (微课视频版)》的升级版, 详细介绍了3ds max 2018的具体使用方法。全书共23章, 其中1-19章详细介绍了3ds Max 2018各工具和命令的使用方法和技巧, 具体内容包括: 认识3ds Max 2018, 3ds Max 界面, 3ds Max基本操作, 几何体建模, 样条线建模, 符合对象建模, 修改器建模, 多边形建模, 渲染器参数设置, 灯光、材质和贴图技术, 摄影机应用, 环境与效果, 动力学, 粒子系统与空间扭曲, 毛发技术, 关键帧动画和高级动画等日常工作所使用到的全部知识点。20-23章通过4个具体的大型设计案例完整展示了使用3ds Max进行实际项目设计的全过程。
●
相关链接 在E读中查询图书 在五车中查询图书 在当当中查询图书 在豆瓣中查询图书


正题名:中文版3ds Max 2018从入门到精通     索取号:TP391.41/1844         预约/预借

序号 登录号 条形码 馆藏地/架位号 状态 备注
1 1210506   212105069   第二样本阅览室/ [索取号:TP391.41/1844] 在馆    
2 1210507   212105078   第三借阅区/ [索取号:TP391.41/1844] 在馆    
3 1210508   212105087   第三借阅区/ [索取号:TP391.41/1844] 在馆    
欢迎您!
大连网信软件有限公司© 版权所有